Library Banner

Economics of federation (Record no. 71150)

MARC details
000 -LEADER
fixed length control field 00524nam a2200193Ia 4500
001 - CONTROL NUMBER
control field 66314
008 - FIXED-LENGTH DATA ELEMENTS--GENERAL INFORMATION
fixed length control field 150514s9999 xx 000 0 und d
020 ## - INTERNATIONAL STANDARD BOOK NUMBER
International Standard Book Number 9781845425472
040 ## - CATALOGING SOURCE
Transcribing agency PK-LaUMT
082 ## - DEWEY DECIMAL CLASSIFICATION NUMBER
Classification number 321.02
Item number ECO-
100 ## - MAIN ENTRY--PERSONAL NAME
Personal name Kobayashi, Bruce H.
245 ## - TITLE STATEMENT
Title Economics of federation
Statement of responsibility, etc Kobayashi, Bruce H.|Ribstein, Larry E.
260 ## - PUBLICATION, DISTRIBUTION, ETC. (IMPRINT)
Place of publication, distribution, etc Cheltenham,UK:
Name of publisher, distributor, etc Elgar Reference Collection,
Date of publication, distribution, etc 2007
501 ## - WITH NOTE
With note 2 vols.
546 ## - LANGUAGE NOTE
Language note EN
650 ## - SUBJECT ADDED ENTRY--TOPICAL TERM
Topical term or geographic name as entry element Federal government
700 ## - ADDED ENTRY--PERSONAL NAME
Personal name Ribstein, Larry E.
942 ## - ADDED ENTRY ELEMENTS (KOHA)
Koha item type Books
Holdings
Withdrawn status Lost status Source of classification or shelving scheme Damaged status Not for loan Home library Current library Date acquired Total Checkouts Full call number Barcode Date last seen Date checked out Price effective from Koha item type
    Dewey Decimal Classification     UMT Main Campus UMT Main Campus 2015-05-14 2 321.02 ECO- 90313 2020-09-10 2020-03-11 2015-05-14 Books
    Dewey Decimal Classification     UMT Main Campus UMT Main Campus 2015-05-15   321.02 ECO- 90314 2015-05-15   2015-05-15 Books